LIBRARY & INFORMATION CENTRE, KCAET, TAVANUR

ONLINE PUBLIC ACCESS CATALOGUE (OPAC)

Iqbal : His art and thought / (Record no. 2641)

MARC details
000 -LEADER
fixed length control field 00388cam a2200157ua 4500
041 ## - LANGUAGE CODE
Language code of text/sound track or separate title eng
082 ## - DEWEY DECIMAL CLASSIFICATION NUMBER
Classification number 928.21
Item number VAH/IQ
100 ## - MAIN ENTRY--AUTHOR NAME
Personal name Vahid, Syed Abdul .
245 ## - TITLE STATEMENT
Title Iqbal : His art and thought /
250 ## - EDITION STATEMENT
Edition statement 1 /
260 ## - PUBLICATION, DISTRIBUTION, ETC. (IMPRINT)
Place of publication London :
Name of publisher John Murray ,
Year of publication 1959.
300 ## - PHYSICAL DESCRIPTION
Number of Pages 254 ; .
942 ## - ADDED ENTRY ELEMENTS (KOHA)
Koha item type Books
Holdings
Withdrawn status Lost status Damaged status Home library Current library Date acquired Cost, normal purchase price Full call number Accession Number Koha item type Public note
Withdrawn     KAUAET Sanskrit University 07/04/2012 30.00 928.21 7088 Books Transferred to Sanskrit University
free website counter